00399nam a2200169 a 450000100060000000300090000600800410001502000150005604000280007108200090009910000130010824500150012126000310013630000130016749000260018065000230020613420CO-ViMGA141112s2004 ck r 000 u spa d a9580457999 aCO-ViMGAbspacCO-ViMGA04aDISd1 aDisney, 10aDinosaurio aBogotá : bNorma, c2000 a64 : ils aGran coleccion disney14aCUENTOS INFANTILES